Profile of jews in light of the glorious qur' an / (Record no. 38363)

MARC details
000 -LEADER
fixed length control field 00874nam a22002655a 4500
005 - DATE AND TIME OF LATEST TRANSACTION
control field 20080522115808.0
008 - FIXED-LENGTH DATA ELEMENTS--GENERAL INFORMATION
fixed length control field 080520s2008 nyu 000 0 eng
010 ## - LCCN (DPL NO)
LC control number ENG-97373
020 ## - INTERNATIONAL STANDARD BOOK NUMBER
International Standard Book Number 9788189965174
Terms of availability 700.00
035 ## - SYSTEM CONTROL NUMBER
System control number EN-80906
037 ## - SOURCE OF ACQUISITION
Source of stock number/acquisition DBAD/PUB
040 ## - CATALOGING SOURCE
Original cataloging agency DPL
082 ## - DEWEY DECIMAL CLASSIFICATION NUMBER
Classification number 270
100 ## - MAIN ENTRY--PERSONAL NAME
9 (RLIN) 2856
Personal name Azmi, Zakir M.
245 ## - TITLE STATEMENT
Title Profile of jews in light of the glorious qur' an /
Statement of responsibility, etc by M. Zakir Azmi
250 ## - EDITION STATEMENT
Edition statement .
260 ## - PUBLICATION, DISTRIBUTION, ETC. (IMPRINT)
Place of publication, distribution, etc New Delhi
Name of publisher, distributor, etc Qazi Publishers & Distributors
Date of publication, distribution, etc 2009
270 ## - ADDRESS
Address B-35 (LGF), Nizamuddin West,
City New Delhi
Postal code 110013
300 ## - PHYSICAL DESCRIPTION
Extent iv, 398p.
Other physical details 23cm. (pbk)
500 ## - GENERAL NOTE
General note Includes bibliographical references
700 ## - ADDED ENTRY--PERSONAL NAME
9 (RLIN) 2934
942 ## - ADDED ENTRY ELEMENTS (KOHA)
Source of classification or shelving scheme Dewey Decimal Classification
Item type English Books
Call number suffix AZM
Classification part 270
Holdings
Withdrawn status Lost status Source of classification or shelving scheme Damaged status Not for loan Collection code Home library Current library Date acquired Source of acquisition Cost, normal purchase price Total Checkouts Full call number Barcode Date last seen Copy number Cost, replacement price Koha item type
    Dewey Decimal Classification   Not For Loan Non-fiction D.B.Act.Division D.B.Act.Division 31/07/2010 DBAD/PUB 700.00   270 AZM EN-80906 31/07/2010 1 700.00 English Books

© Delhi Public Library
Hit Counter
free hit counter